[Event "LTU-ch Amateurs"]
[Site "Kaunas"]
[Date "2024.10.28"]
[Round "6"]
[White "Michailov, Andrej"]
[Black "Ser, Daniel"]
[Result "0-1"]
[WhiteElo "1716"]
[BlackElo "1965"]
[PlyCount "66"]
[EventDate "2024.10.26"]
[EventType "swiss"]
[EventRounds "7"]
[EventCountry "LTU"]
[SourceTitle "CB44_2024"]
[Source "Chessbase"]
[SourceDate "2024.10.30"]
[SourceVersion "1"]
[SourceVersionDate "2024.10.30"]
[SourceQuality "1"]

1. c4 e6 2. d4 d5 3. Nc3 Nf6 4. cxd5 exd5 5. Bg5 Be7 6. e3 0-0 7. Bd3 c6 8. Nge2 Re8 9. 0-0 h6 10. Bh4 Nbd7 11. Rc1 Nf8 12. Qc2 Nh5 13. Bxe7 Qxe7 14. Rce1 g6 15. Nd1 Ng7 16. Nec3 Bf5 17. f3 Bxd3 18. Qxd3 Rad8 19. e4 dxe4 20. fxe4 Qc5 21. dxc5 Rxd3 22. Nf2 Rd2 23. Re2 Red8 24. Rfe1 Nge6 25. b4 R2d4 26. Rb2 Rc4 27. Ne2 Nd7 28. Rd1 Nf6 29. Rxd8+ Nxd8 30. Kf1 Nxe4 31. Nxe4 Rxe4 32. b5 cxb5 33. Rxb5 Rc4 0-1

[Event "LTU-ch Amateurs"]
[Site "Kaunas"]
[Date "2024.10.27"]
[Round "4"]
[White "Sukyte, Kotryna"]
[Black "Michailov, Andrej"]
[Result "1/2-1/2"]
[WhiteElo "1898"]
[BlackElo "1716"]
[PlyCount "77"]
[EventDate "2024.10.26"]
[EventType "swiss"]
[EventRounds "7"]
[EventCountry "LTU"]
[SourceTitle "CB44_2024"]
[Source "Chessbase"]
[SourceDate "2024.10.30"]
[SourceVersion "1"]
[SourceVersionDate "2024.10.30"]
[SourceQuality "1"]

1. e4 e5 2. Nf3 Nc6 3. Bb5 a6 4. Bxc6 dxc6 5. Nc3 f6 6. d4 exd4 7. Qxd4 Qxd4 8. Nxd4 Bd7 9. Be3 0-0-0 10. 0-0-0 Ne7 11. Nce2 c5 12. Nf3 b6 13. e5 Nc6 14. exf6 gxf6 15. Nf4 Bh6 16. Nd5 Bxe3+ 17. Nxe3 Be6 18. Rxd8+ Rxd8 19. a3 Nd4 20. Re1 Nxf3 21. gxf3 Rd4 22. Ng2 Bh3 23. c3 Rc4 24. Rg1 Bxg2 25. Rxg2 Rh4 26. Kd2 Kb7 27. Ke3 Kc6 28. f4 Kd5 29. f3 a5 30. Rd2+ Ke6 31. Ke4 c6 32. Re2 b5 33. Rd2 b4 34. c4 f5+ 35. Ke3 Ke7 36. Rg2 Kf7 37. Rd2 Ke7 38. Rg2 Kf7 39. Rd2 1/2-1/2

[Event "Klaipeda Sea op 21st"]
[Site "Klaipeda"]
[Date "2024.07.28"]
[Round "6"]
[White "Gedvilas, Darius"]
[Black "Michailov, Andrej"]
[Result "1-0"]
[WhiteElo "1585"]
[BlackElo "1710"]
[PlyCount "51"]
[EventDate "2024.07.24"]
[EventType "swiss"]
[EventRounds "6"]
[EventCountry "LTU"]
[SourceTitle "EXT 2025"]
[Source "ChessBase"]
[SourceDate "2024.10.14"]
[SourceVersion "1"]
[SourceVersionDate "2024.10.14"]
[SourceQuality "1"]

1. e4 e5 2. Nf3 Nc6 3. Bc4 Bc5 4. 0-0 d6 5. d3 Na5 6. Bd5 c6 7. Bxf7+ Kxf7 8. c3 h6 9. b4 Bb6 10. bxa5 Bxa5 11. d4 Qe7 12. Ba3 Qf6 13. dxe5 dxe5 14. Bd6 Bg4 15. Qb3+ Kg6 16. Bxe5 Qe6 17. Qxb7 Nf6 18. Nbd2 Bb6 19. Bg3 Raf8 20. Qxc6 Qxc6 21. Ne5+ Kh7 22. Nxc6 Rc8 23. Ne5 Rxc3 24. Ndc4 Nxe4 25. Nxb6 Nxg3 26. hxg3 1-0

[Event "Klaipeda Sea op 21st"]
[Site "Klaipeda"]
[Date "2024.07.26"]
[Round "3"]
[White "Michailov, Andrej"]
[Black "Puzas, Kasparas"]
[Result "1-0"]
[WhiteElo "1710"]
[BlackElo "1447"]
[PlyCount "91"]
[EventDate "2024.07.24"]
[EventType "swiss"]
[EventRounds "6"]
[EventCountry "LTU"]
[SourceTitle "EXT 2025"]
[Source "ChessBase"]
[SourceDate "2024.10.14"]
[SourceVersion "1"]
[SourceVersionDate "2024.10.14"]
[SourceQuality "1"]

1. c4 e6 2. e4 c6 3. Nc3 Bc5 4. d4 Bb4 5. Bd3 Ne7 6. Nge2 d5 7. a3 dxc4 8. Bxc4 Bd6 9. 0-0 b5 10. Bd3 Bb7 11. d5 exd5 12. exd5 cxd5 13. Bxb5+ Nbc6 14. Nd4 Qc7 15. h3 Rd8 16. Qa4 0-0 17. Nxc6 Nxc6 18. Bd3 Ne5 19. Bb1 a6 20. Be3 Nc4 21. Qc2 g6 22. Bd4 Rfe8 23. Ba2 Rb8 24. Rac1 Rec8 25. Ne2 Qa5 26. Bc3 Qc7 27. Qd3 f5 28. b3 Nxa3 29. Qd4 Qd7 30. Qh8+ Kf7 31. Qxh7+ Ke8 32. Qxg6+ Kd8 33. Nd4 Bc6 34. Ba5+ Ke7 35. Rfe1+ Kf8 36. Ne6+ Ke7 37. Ng5+ Kf8 38. Nh7+ Qxh7 39. Qxh7 Nb5 40. Qxf5+ Kg8 41. Rxc6 Rxc6 42. Qxd5+ Kf8 43. Qxc6 Ba3 44. Qf6+ Kg8 45. b4+ Kh7 46. Re7# 1-0

[Event "Klaipeda Sea op-A 20th"]
[Site "Klaipeda"]
[Date "2023.07.28"]
[Round "4"]
[White "Armonaitis, Silvestras"]
[Black "Michailov, Andrej"]
[Result "1-0"]
[WhiteElo "2084"]
[BlackElo "1588"]
[PlyCount "67"]
[EventDate "2023.07.26"]
[EventType "swiss"]
[EventRounds "6"]
[EventCountry "LTU"]
[SourceTitle "CBM 215 Extra"]
[Source "ChessBase"]
[SourceDate "2023.09.30"]
[SourceVersion "1"]
[SourceVersionDate "2023.09.30"]
[SourceQuality "1"]

1. e4 e5 2. Nf3 Nc6 3. Bc4 Bc5 4. 0-0 d6 5. d3 Nf6 6. c3 Bb6 7. a4 a6 8. Na3 h6 9. Kh1 0-0 10. Ng1 Ng4 11. Qe2 Qh4 12. Nh3 Kh8 13. f3 Nf6 14. Nf2 Nh5 15. Kg1 f5 16. exf5 Bxf5 17. Bd5 Nf6 18. Be4 Nxe4 19. dxe4 Be6 20. Nc4 Ba7 21. Ne3 Ne7 22. g3 Qh5 23. Kg2 Rf7 24. g4 Qh4 25. Nh1 Raf8 26. Ng3 g6 27. Bd2 Bd7 28. Qc4 Bxe3 29. Bxe3 Nc6 30. b4 h5 31. Bh6 hxg4 32. Bxf8 Rxf8 33. fxg4 Rf4 34. h3 1-0

[Event "Klaipeda Sea op-A 20th"]
[Site "Klaipeda"]
[Date "2023.07.26"]
[Round "1"]
[White "Matulaitis, Povilas"]
[Black "Michailov, Andrej"]
[Result "0-1"]
[WhiteElo "1100"]
[BlackElo "1588"]
[PlyCount "38"]
[EventDate "2023.07.26"]
[EventType "swiss"]
[EventRounds "6"]
[EventCountry "LTU"]
[SourceTitle "CBM 215 Extra"]
[Source "ChessBase"]
[SourceDate "2023.09.30"]
[SourceVersion "1"]
[SourceVersionDate "2023.09.30"]
[SourceQuality "1"]

1. e4 d6 2. d4 Nf6 3. Nc3 g6 4. Bf4 Bg7 5. Nf3 0-0 6. h3 c5 7. e5 Nh5 8. Bh2 cxd4 9. Qxd4 Nc6 10. Qe3 dxe5 11. Nxe5 Nxe5 12. Bxe5 Qa5 13. Bxg7 Nxg7 14. 0-0-0 Be6 15. a3 Rac8 16. g4 Rc7 17. Nb5 Rd7 18. Rxd7 Bxd7 19. Qxa7 Qe1# 0-1

[Event "Klaipeda Sea op-A 19th"]
[Site "Klaipeda"]
[Date "2022.07.29"]
[Round "5"]
[White "Januseviciute, Donata"]
[Black "Michailov, Andrej"]
[Result "1-0"]
[WhiteElo "1435"]
[BlackElo "1604"]
[PlyCount "147"]
[EventDate "2022.07.25"]
[EventType "swiss"]
[EventRounds "7"]
[EventCountry "LTU"]
[SourceTitle "CBM 209 Extra"]
[Source "ChessBase"]
[SourceDate "2022.09.30"]
[SourceVersion "1"]
[SourceVersionDate "2022.09.30"]
[SourceQuality "1"]

1. Nf3 c5 2. e3 b6 3. Be2 g6 4. Nc3 Bg7 5. 0-0 Nf6 6. b3 Ne4 7. Bb2 Nxc3 8. Bxc3 Bxc3 9. dxc3 Bb7 10. Nd2 Qc7 11. Bf3 d6 12. Bxb7 Qxb7 13. a4 Nd7 14. Nf3 Nf6 15. Qd3 0-0 16. c4 a5 17. Rad1 Rad8 18. Rfe1 Qe4 19. Qxe4 Nxe4 20. Rd3 Kg7 21. Red1 h6 22. Ne1 f5 23. f3 Nf6 24. R3d2 Rd7 25. Nd3 g5 26. Nf2 Rdd8 27. Rd3 Rf7 28. R1d2 Nd7 29. e4 Ne5 30. Rd5 Rdf8 31. exf5 Rxf5 32. Ne4 g4 33. Ng3 R5f7 34. f4 Nc6 35. c3 Kg6 36. f5+ Kh7 37. Rf2 Ne5 38. Rdd2 h5 39. Nxh5 Rxf5 40. Rxf5 Rxf5 41. Ng3 Rf4 42. Ne2 Re4 43. Kf2 Kg7 44. Ng3 Rf4+ 45. Ke3 Rf8 46. Nh5+ Kg8 47. Nf4 Rf7 48. Nd5 Nd7 49. Rf2 Rxf2 50. Kxf2 e6 51. Nf4 Kf7 52. Kg3 Nf6 53. Ne2 Kg6 54. Kf4 e5+ 55. Ke3 Kf5 56. Ng3+ Ke6 57. Ne4 Nh7 58. h4 gxh3 59. gxh3 d5 60. cxd5+ Kxd5 61. Kd3 Kc6 62. Kc4 Nf8 63. h4 Nh7 64. h5 Nf8 65. Ng5 Nd7 66. h6 Nf6 67. Kd3 b5 68. axb5+ Kxb5 69. h7 Nxh7 70. Nxh7 c4+ 71. bxc4+ Kc5 72. Nf6 a4 73. Ne4+ Kc6 74. Kc2 1-0

[Event "Panevezys Kveinys Memorial op"]
[Site "Panevezys"]
[Date "2021.08.04"]
[Round "7"]
[White "Stremavicius, Pijus"]
[Black "Michailov, Andrej"]
[Result "1-0"]
[WhiteElo "2146"]
[BlackElo "1645"]
[PlyCount "109"]
[EventDate "2021.07.30"]
[EventType "swiss"]
[EventRounds "9"]
[EventCountry "LTU"]
[SourceTitle "EXT 2022"]
[Source "ChessBase"]
[SourceDate "2021.10.06"]
[SourceVersion "1"]
[SourceVersionDate "2021.10.06"]
[SourceQuality "1"]

1. e4 e5 2. Nf3 Nc6 3. c3 Nf6 4. d4 exd4 5. e5 Nd5 6. Qb3 Nb6 7. cxd4 d6 8. Bb5 Bd7 9. Nc3 Be7 10. Bxc6 Bxc6 11. d5 Bd7 12. e6 fxe6 13. dxe6 Bc6 14. Nd4 0-0 15. Nxc6 bxc6 16. 0-0 d5 17. f4 g6 18. f5 gxf5 19. Ne2 Qd6 20. Nd4 Qe5 21. Nxc6 Bc5+ 22. Kh1 Qxe6 23. Qg3+ Qg6 24. Bf4 Qxg3 25. Bxg3 Rf6 26. b4 Bf8 27. b5 a6 28. Bxc7 axb5 29. Nd4 Bg7 30. Be5 Rf7 31. Bxg7 Kxg7 32. Nxb5 Nc4 33. Nd4 Kg6 34. h3 Ra3 35. Rf2 Rd3 36. Ne6 Ra3 37. Nf4+ Kg5 38. Nxd5 Rfa7 39. Nf4 Nd6 40. Ne6+ Kg6 41. Rb2 Kf6 42. Nd4 R3a4 43. Nf3 Ra3 44. Kh2 R7a6 45. Rc2 Ne4 46. Rc7 Rxa2 47. Rb1 Re6 48. Rxh7 Kg6 49. Rbb7 Nd6 50. Rbg7+ Kf6 51. Rd7 Kg6 52. Nd4 Re4 53. Nf3 Re6 54. h4 f4 55. h5+ 1-0

[Event "Panevezys Kveinys Memorial op"]
[Site "Panevezys"]
[Date "2021.08.02"]
[Round "5"]
[White "Michailov, Andrej"]
[Black "Juksta, Karolis"]
[Result "0-1"]
[WhiteElo "1645"]
[BlackElo "2438"]
[PlyCount "54"]
[EventDate "2021.07.30"]
[EventType "swiss"]
[EventRounds "9"]
[EventCountry "LTU"]
[SourceTitle "EXT 2022"]
[Source "ChessBase"]
[SourceDate "2021.10.06"]
[SourceVersion "1"]
[SourceVersionDate "2021.10.06"]
[SourceQuality "1"]

1. c4 e5 2. Nc3 Bb4 3. Nd5 Bc5 4. b4 Bf8 5. Qb3 c6 6. Nc3 Nf6 7. e4 a5 8. bxa5 Qxa5 9. Be2 Bc5 10. Nf3 d6 11. 0-0 0-0 12. d3 Nbd7 13. Bb2 Bb6 14. Qc2 Nc5 15. Nd2 Ne6 16. Nb3 Qa7 17. a4 Nd4 18. Nxd4 Bxd4 19. Nd1 Be6 20. Kh1 Nd7 21. Bxd4 Qxd4 22. Ne3 Nc5 23. Rfb1 f5 24. exf5 Bxf5 25. Nxf5 Rxf5 26. f3 Rff8 27. a5 Ra6 0-1

[Event "Panevezys Kveinys Memorial op"]
[Site "Panevezys"]
[Date "2021.07.31"]
[Round "2"]
[White "Voroblievas, Arturas"]
[Black "Michailov, Andrej"]
[Result "1-0"]
[WhiteElo "1699"]
[BlackElo "1645"]
[PlyCount "65"]
[EventDate "2021.07.30"]
[EventType "swiss"]
[EventRounds "9"]
[EventCountry "LTU"]
[SourceTitle "EXT 2022"]
[Source "ChessBase"]
[SourceDate "2021.10.06"]
[SourceVersion "1"]
[SourceVersionDate "2021.10.06"]
[SourceQuality "1"]

1. e4 e5 2. Nf3 Nc6 3. Bb5 a6 4. Ba4 Nf6 5. 0-0 Be7 6. Re1 b5 7. Bb3 0-0 8. h3 d6 9. c3 Na5 10. Bc2 c5 11. a4 Bd7 12. d3 Nc6 13. Nbd2 Qc7 14. Nf1 d5 15. Ng3 Rfe8 16. exd5 Nxd5 17. Bb3 Be6 18. Qe2 Nxc3 19. bxc3 Bxb3 20. axb5 axb5 21. Rxa8 Rxa8 22. Qb2 c4 23. dxc4 Bxc4 24. Nf5 Bc5 25. Be3 Qb6 26. Qc2 g6 27. Nh6+ Kg7 28. Ng4 Bxe3 29. Nxe3 Qc5 30. Qe4 Ra2 31. Qh4 Bd3 32. Ng4 Qd6 33. Qh6+ 1-0

[Event "Klaipeda Rumiancev Memorial-A"]
[Site "Klaipeda"]
[Date "2021.07.23"]
[Round "5"]
[White "Michailov, Andrej"]
[Black "Vaiciunas, Giedrius"]
[Result "1-0"]
[WhiteElo "1645"]
[BlackElo "1475"]
[PlyCount "83"]
[EventDate "2021.07.19"]
[EventType "swiss"]
[EventRounds "7"]
[EventCountry "LTU"]
[SourceTitle "EXT 2022"]
[Source "ChessBase"]
[SourceDate "2021.10.06"]
[SourceVersion "1"]
[SourceVersionDate "2021.10.06"]
[SourceQuality "1"]

1. b3 d5 2. Bb2 c5 3. e3 Nc6 4. Bb5 a6 5. Bxc6+ bxc6 6. f4 Nf6 7. Nf3 Bg4 8. d3 e6 9. 0-0 Bd6 10. Qe1 Bxf3 11. Rxf3 Qe7 12. Qh4 d4 13. exd4 cxd4 14. Bxd4 Bc5 15. Qf2 Bxd4 16. Qxd4 Rd8 17. Qc4 Qa7+ 18. Kh1 0-0 19. Nd2 Ng4 20. h3 Ne3 21. Qc3 Nf5 22. Ne4 Nd4 23. Rff1 f5 24. Ng3 Rf6 25. Rae1 Rg6 26. Kh2 Qe7 27. Qd2 Qh4 28. Re3 e5 29. Qf2 exf4 30. Qxf4 Rg4 31. Qc7 f4 32. Kg1 Rxg3 33. Rxf4 Rxg2+ 34. Kxg2 Qg5+ 35. Rg3 Qd5+ 36. Kh2 Ne6 37. Qf7+ Kh8 38. Re4 Rg8 39. Rxe6 Qd8 40. Re7 h6 41. Rxg7 Qd6+ 42. Kh1 1-0

[Event "Klaipeda Rumiancev Memorial-A"]
[Site "Klaipeda"]
[Date "2021.07.20"]
[Round "2"]
[White "Pakalniskis, Romas"]
[Black "Michailov, Andrej"]
[Result "0-1"]
[WhiteElo "1563"]
[BlackElo "1645"]
[PlyCount "106"]
[EventDate "2021.07.19"]
[EventType "swiss"]
[EventRounds "7"]
[EventCountry "LTU"]
[SourceTitle "EXT 2022"]
[Source "ChessBase"]
[SourceDate "2021.10.06"]
[SourceVersion "1"]
[SourceVersionDate "2021.10.06"]
[SourceQuality "1"]

1. e4 e5 2. Nf3 Nc6 3. Bc4 Nf6 4. d3 Be7 5. c3 0-0 6. Bb3 d5 7. exd5 Nxd5 8. h3 Bf5 9. 0-0 Nb6 10. Bc2 Qd7 11. Qe2 Bd6 12. Nbd2 Rae8 13. Ne4 Bg6 14. Nh4 Nd5 15. Nxg6 hxg6 16. Qf3 Qf5 17. Qg3 Nf6 18. Nxd6 cxd6 19. Ba4 Nh5 20. Qe3 Nf4 21. Bc2 Rc8 22. Bb1 Rfe8 23. Re1 Qf6 24. Qf3 g5 25. Kh2 Rcd8 26. Bc2 d5 27. g3 Ne6 28. Qxf6 gxf6 29. Ba4 a6 30. Be3 d4 31. cxd4 b5 32. Bd1 Ncxd4 33. Rc1 Rc8 34. Kg2 Rxc1 35. Bxc1 Nc5 36. Re3 a5 37. Kf1 Rd8 38. Bd2 Nc6 39. Ke2 Kg7 40. h4 Rh8 41. hxg5 fxg5 42. Bc3 f6 43. a3 b4 44. axb4 axb4 45. Be1 f5 46. Kf1 Kf6 47. Kg2 f4 48. gxf4 gxf4 49. Rf3 Nd4 50. Rh3 Rxh3 51. Kxh3 Nxd3 52. Bxb4 Nxf2+ 53. Kg2 Nxd1 0-1

[Event "Klaipeda Sea op-B 14th"]
[Site "Klaipeda"]
[Date "2017.07.26"]
[Round "3"]
[White "Borisovaite, Ana"]
[Black "Michailov, Andrej"]
[Result "0-1"]
[WhiteElo "1330"]
[BlackElo "1700"]
[PlyCount "138"]
[EventDate "2017.07.25"]
[EventType "swiss"]
[EventRounds "7"]
[EventCountry "LTU"]
[SourceTitle "CBM 179 Extra"]
[Source "ChessBase"]
[SourceDate "2017.08.23"]
[SourceVersion "1"]
[SourceVersionDate "2017.08.23"]
[SourceQuality "1"]

1. d4 Nf6 2. Nf3 b6 3. e3 Bb7 4. Be2 g6 5. 0-0 Bg7 6. Nfd2 d6 7. Bf3 Bxf3 8. Nxf3 Nbd7 9. Bd2 Ne4 10. Be1 0-0 11. Nc3 Ndf6 12. Qd3 d5 13. Nd2 Nxc3 14. Qxc3 Rc8 15. Nb3 c5 16. dxc5 bxc5 17. Qa5 Qxa5 18. Bxa5 Ne4 19. f3 Nd6 20. Bc3 Nc4 21. Kf2 Nxb2 22. Bxg7 Kxg7 23. Rab1 Nc4 24. Rfd1 e6 25. Nd2 Nxd2 26. Rxd2 Rb8 27. Rxb8 Rxb8 28. c3 Kf6 29. f4 h5 30. h3 Rb6 31. Kf3 Rb1 32. Ke2 Rg1 33. Kd3 c4+ 34. Kd4 Rb1 35. e4 Rc1 36. exd5 exd5 37. Kxd5 Rxc3 38. Kc5 Rc1 39. Rd7 c3 40. Kc4 c2 41. Rd2 Rf1 42. Rxc2 Rxf4+ 43. Kb5 Rf5+ 44. Ka6 Kg5 45. Kxa7 Ra5+ 46. Kb6 Ra3 47. Kb5 Kh4 48. Kb4 Ra8 49. a4 f5 50. a5 f4 51. Kb5 g5 52. a6 f3 53. gxf3 Kxh3 54. Rc4 Rg8 55. a7 Kg3 56. Rc3 h4 57. Kb6 Kg2 58. Kb7 h3 59. a8Q Rxa8 60. Kxa8 h2 61. Rc2+ Kg3 62. Rc1 Kxf3 63. Kb7 g4 64. Rc3+ Kg2 65. Rc2+ Kh3 66. Rc1 g3 67. Kc6 g2 68. Rc3+ Kg4 69. Rc4+ Kg5 0-1

[Event "Klaipeda Sea op-B 14th"]
[Site "Klaipeda"]
[Date "2017.07.26"]
[Round "4"]
[White "Michailov, Andrej"]
[Black "Rackauskas, Karolis"]
[Result "0-1"]
[WhiteElo "1700"]
[BlackElo "1462"]
[PlyCount "130"]
[EventDate "2017.07.25"]
[EventType "swiss"]
[EventRounds "7"]
[EventCountry "LTU"]
[SourceTitle "CBM 179 Extra"]
[Source "ChessBase"]
[SourceDate "2017.08.23"]
[SourceVersion "1"]
[SourceVersionDate "2017.08.23"]
[SourceQuality "1"]

1. d4 d5 2. c4 Bf5 3. Nc3 e6 4. cxd5 exd5 5. Qb3 Nc6 6. Be3 Nb4 7. Rc1 Nf6 8. a3 Nc2+ 9. Rxc2 Bxc2 10. Qxc2 Bd6 11. Bg5 c6 12. Nf3 0-0 13. e3 h6 14. Bh4 Qe7 15. Bd3 Rac8 16. 0-0 g5 17. Nxg5 hxg5 18. Bxg5 Qd8 19. Bf5 Ra8 20. Qe2 Kg7 21. f4 Rh8 22. Rf3 Be7 23. Rg3 Kf8 24. Qf3 Nd7 25. Qg4 Bxg5 26. fxg5 Nb6 27. g6 fxg6 28. Qxg6 Qh4 29. h3 Qh6 30. Qg4 Ke7 31. e4 Rag8 32. Qf3 Qf6 33. e5 Qh4 34. Bg4 Rf8 35. Qe3 Nc4 36. Qe1 Rf4 37. Nxd5+ cxd5 38. Qb4+ Ke8 39. Qxb7 Rf7 40. Qc8+ Qd8 41. Qc6+ Ke7 42. Qc5+ Ke8 43. Bf3 Rc7 44. Qb5+ Kf8 45. Bxd5 Nb6 46. Rf3+ Kg7 47. Rg3+ Kf8 48. Qf1+ Ke8 49. Be4 Qxd4+ 50. Kh2 Qxe4 51. Qf6 Rf8 52. Qg5 Qf5 53. Qe3 Re7 54. Qc5 Qxe5 55. Qc6+ Nd7 56. Qg6+ Ref7 57. h4 Rh8 58. Kh3 Qf5+ 59. Qxf5 Rxf5 60. Rg4 Rf2 61. Ra4 Rg8 62. Rxa7 Rgxg2 63. b4 Nf6 64. b5 Ne4 65. h5 Rg3+ 0-1

[Event "Klaipeda Sea op-B 14th"]
[Site "Klaipeda"]
[Date "2017.07.25"]
[Round "2"]
[White "Michailov, Andrej"]
[Black "Plutaite, Ausra"]
[Result "1-0"]
[WhiteElo "1700"]
[BlackElo "1254"]
[PlyCount "49"]
[EventDate "2017.07.25"]
[EventType "swiss"]
[EventRounds "7"]
[EventCountry "LTU"]
[SourceTitle "CBM 179 Extra"]
[Source "ChessBase"]
[SourceDate "2017.08.23"]
[SourceVersion "1"]
[SourceVersionDate "2017.08.23"]
[SourceQuality "1"]

1. d4 e6 2. e4 d5 3. Nc3 Nf6 4. exd5 exd5 5. Bd3 c6 6. Bg5 Be7 7. h3 b6 8. Nf3 Ba6 9. 0-0 Bxd3 10. Qxd3 Nbd7 11. Rfe1 0-0 12. Qf5 Re8 13. Ne5 Nxe5 14. dxe5 Nd7 15. e6 Nf6 16. exf7+ Kxf7 17. Qe6+ Kf8 18. Qxc6 Rc8 19. Qa4 Rc4 20. Qxa7 d4 21. Rad1 Bb4 22. Bxf6 Rxe1+ 23. Rxe1 Qxf6 24. Qa8+ Kf7 25. Qe8# 1-0

[Event "Panevezys op-B 28th"]
[Site "Panevezys"]
[Date "2015.08.19"]
[Round "4"]
[White "Meskenaite, Rugile"]
[Black "Michailov, Andrej"]
[Result "0-1"]
[WhiteElo "1606"]
[BlackElo "1704"]
[PlyCount "70"]
[EventDate "2015.08.17"]
[EventType "swiss"]
[EventRounds "9"]
[EventCountry "LTU"]
[SourceTitle "EXT 2016"]
[Source "ChessBase"]
[SourceDate "2015.10.08"]
[SourceVersion "1"]
[SourceVersionDate "2015.10.08"]
[SourceQuality "1"]

1. e4 e5 2. Nf3 Nc6 3. d4 exd4 4. Bc4 Bc5 5. c3 Nf6 6. e5 d5 7. Bb5 Ne4 8. cxd4 Bb6 9. 0-0 0-0 10. Nc3 Bg4 11. Be3 f6 12. Be2 fxe5 13. dxe5 Nxc3 14. bxc3 Kh8 15. h3 Bxf3 16. Bxf3 Nxe5 17. Bxd5 c6 18. Bb3 Bxe3 19. fxe3 Qg5 20. Qe2 Rae8 21. Rae1 Nd7 22. e4 Ne5 23. Bc2 Qg3 24. c4 Nf3+ 25. Rxf3 Rxf3 26. Qxf3 Qxe1+ 27. Kh2 Qd2 28. Bb1 Qd6+ 29. Kg1 Rf8 30. Qh5 Qg3 31. Qe2 Qe5 32. Qd3 c5 33. Qd5 Qd4+ 34. Kh2 Rd8 35. Qf5 Qf6 0-1

[Event "LTU-ch sf"]
[Site "Vilnius"]
[Date "2015.02.21"]
[Round "5"]
[White "Michailov, Andrej"]
[Black "Kadonas, Kestutis"]
[Result "1-0"]
[WhiteElo "1715"]
[BlackElo "1823"]
[PlyCount "61"]
[EventDate "2015.02.18"]
[EventType "swiss"]
[EventRounds "8"]
[EventCountry "LTU"]
[SourceTitle "CBM 165 Extra"]
[Source "ChessBase"]
[SourceDate "2015.04.21"]
[SourceVersion "1"]
[SourceVersionDate "2015.04.21"]
[SourceQuality "1"]

1. d4 d6 2. c4 g6 3. e4 Nf6 4. Nc3 Bg7 5. Be2 0-0 6. g4 Nbd7 7. g5 Ne8 8. h4 c5 9. d5 f5 10. exf5 Rxf5 11. Bd3 Rf7 12. f4 Nf8 13. Nge2 e5 14. Qc2 Bf5 15. Bd2 Nc7 16. 0-0-0 a6 17. Bxf5 gxf5 18. Ng3 Qd7 19. h5 b5 20. g6 hxg6 21. hxg6 Nxg6 22. Nh5 bxc4 23. Rdg1 Nf8 24. fxe5 Ne8 25. e6 Nxe6 26. dxe6 Qxe6 27. Nxg7 Rxg7 28. Rxg7+ Nxg7 29. Bh6 Kf7 30. Bxg7 Kxg7 31. Qg2+ 1-0

[Event "Vilnius op"]
[Site "Vilnius"]
[Date "2014.11.24"]
[Round "7"]
[White "Petraitis, Gintautas"]
[Black "Michailov, Andrej"]
[Result "1-0"]
[WhiteElo "1948"]
[BlackElo "1715"]
[PlyCount "103"]
[EventDate "2014.11.19"]
[EventType "swiss"]
[EventRounds "9"]
[EventCountry "LTU"]
[SourceTitle "CBM 163 Extra"]
[Source "ChessBase"]
[SourceDate "2014.12.23"]
[SourceVersion "1"]
[SourceVersionDate "2014.12.23"]
[SourceQuality "1"]

1. d4 d5 2. c4 c6 3. Nf3 e6 4. e3 f5 5. Nc3 Nd7 6. Bd3 g6 7. 0-0 Bd6 8. c5 Bc7 9. b4 a6 10. a4 Ngf6 11. Bb2 Ne4 12. b5 0-0 13. b6 Bb8 14. g3 g5 15. Kg2 Qf6 16. h4 g4 17. Nd2 Qg7 18. Ne2 Ndxc5 19. Qc2 Nd7 20. a5 e5 21. dxe5 Bxe5 22. Bxe5 Nxe5 23. Bxe4 fxe4 24. Nf4 Bf5 25. Qc3 Nd3 26. Qxg7+ Kxg7 27. Nxd3 exd3 28. Nb3 Rf7 29. Nc5 Be4+ 30. Kg1 Bf3 31. Nxd3 Be2 32. Ne5 Bxf1 33. Nxf7 Kxf7 34. Kxf1 Ke6 35. Ra4 h5 36. Rf4 c5 37. Ke2 c4 38. Kd2 Re8 39. Kc3 Kd6 40. Rf6+ Re6 41. Rf7 Re7 42. Rf8 Re4 43. Rh8 Re5 44. Rh7 Re7 45. Rxh5 Kc5 46. Rg5 Rf7 47. Rxg4 Rxf2 48. h5 Ra2 49. h6 Ra3+ 50. Kb2 Rxe3 51. h7 Re8 52. Rg8 1-0